000 01171nac a22003371u 4500
003 EG-ScBUE
005 20241031144858.0
006 m||||fq||h 00| 0
008 241031s1995 caua f b 001 0 eng d
020 _a0534209645
020 _a9780534209643
040 _aEG-ScBUE
_beng
_erda
_cEG-ScBUE
_dEG-ScBUE
082 0 4 _a519.202462
_bSCH
_222
100 1 _aScheaffer, Richard L.,
_eauthor.
245 1 0 _aProbability and statistics for engineers /
_cRichard L. Scheaffer, University of Florida, James T. McClave, Infotech, Inc.
250 _aFourth edition.
264 1 _aBelmont, Calif. :
_bDuxbury Press,
_c1995.
300 _axiii, 745 pages :
_billustrations ;
_c35 cm +
_e1 CD
336 _2rdacontent
_atext
_btxt
336 _2rdacontent
_asounds
_bsnd
337 _aunmediated
_2rdamedia
_bn
337 _aaudio
_2rdamedia
_bs
338 _avolume
_bnc
_2rdacarrier
338 _acomputer disc
_bcd
_2rdacarrier
500 _a"An Alexander Kugushev book."
504 _aIncludes bibliographical references and index.
650 7 _aStatistics.
_2BUEsh
650 7 _aProbabilities.
_2BUEsh
700 1 _aMcClave, James T.
_eauthor.
942 _cBB
_2ddc
999 _c3434
_d3434